[Event "CAN-ch U10"]
[Site "Quebec"]
[Date "2008.07.16"]
[Round "6"]
[White "Saravanabava, Prathyakshan"]
[Black "Song, Terry"]
[Result "0-1"]
[WhiteElo "1160"]
[BlackElo "1435"]
[PlyCount "110"]
[EventDate "2008.07.14"]
[EventType "swiss"]
[EventRounds "7"]
[EventCountry "CAN"]
[SourceTitle "EXT 2011"]
[Source "ChessBase"]
[SourceDate "2010.11.26"]
[SourceVersion "1"]
[SourceVersionDate "2010.11.26"]
[SourceQuality "1"]

1. e4 e5 2. Nf3 Nc6 3. Bc4 Bc5 4. Qe2 d6 5. d3 Be6 6. Bb3 Nge7 7. 0-0 0-0 8. Be3 Bxe3 9. Qxe3 Bxb3 10. axb3 f5 11. Nc3 f4 12. Qd2 Qd7 13. d4 Ng6 14. d5 Nce7 15. g3 Rf6 16. Nd1 Qg4 17. Ne1 h5 18. f3 Qd7 19. Qf2 a6 20. c4 fxg3 21. hxg3 h4 22. gxh4 Nf4 23. Qh2 Rh6 24. Ne3 Qh3 25. Rf2 Rxh4 26. Rc1 Qxh2+ 27. Rxh2 Rxh2 28. Kxh2 Ne2 29. Rd1 Nd4 30. b4 a5 31. Ra1 b6 32. bxa5 Rxa5 33. Rxa5 bxa5 34. N3c2 Nxc2 35. Nxc2 Kf7 36. Na3 c6 37. Nb1 c5 38. Nd2 Kf6 39. Nb3 a4 40. Nd2 Kg5 41. Nb1 Kf4 42. Kg2 Nc8 43. Nc3 Nb6 44. Nb5 Nxc4 45. Kf2 Nxb2 46. Nxd6 a3 47. Nb5 a2 48. d6 a1Q 49. Nc3 Nd1+ 50. Nxd1 Qxd1 51. d7 Qxd7 52. Ke2 Qd4 53. Kf1 Qb2 54. Ke1 Ke3 55. Kf1 Qf2# 0-1

[Event "CAN-ch U10"]
[Site "Quebec"]
[Date "2008.07.15"]
[Round "3"]
[White "Saravanabava, Prathyakshan"]
[Black "Zhu, Hong Rui"]
[Result "0-1"]
[WhiteElo "1160"]
[BlackElo "1636"]
[PlyCount "132"]
[EventDate "2008.07.14"]
[EventType "swiss"]
[EventRounds "7"]
[EventCountry "CAN"]
[SourceTitle "EXT 2011"]
[Source "ChessBase"]
[SourceDate "2010.11.26"]
[SourceVersion "1"]
[SourceVersionDate "2010.11.26"]
[SourceQuality "1"]

1. e4 c5 2. Nf3 Nc6 3. d4 cxd4 4. Nxd4 g6 5. Bc4 Bg7 6. c3 d6 7. Be3 Nf6 8. Nd2 0-0 9. 0-0 Bd7 10. f4 Kh8 11. Rb1 a6 12. a4 Rc8 13. Qc2 Nxd4 14. Bxd4 Bc6 15. Ba2 Qd7 16. a5 Qe8 17. b4 e5 18. fxe5 dxe5 19. Bc5 Rg8 20. Rbe1 Bd7 21. Nc4 Be6 22. Nd6 Qd7 23. Bxe6 Qxe6 24. Nxc8 Rxc8 25. h3 Nh5 26. Re2 Ng3 27. Rd2 Nxf1 28. Kxf1 Bh6 29. Rd6 Qe8 30. Qf2 Bf8 31. Rf6 Qb5+ 32. Ke1 Bxc5 33. bxc5 Qxc5 34. Qxc5 Rxc5 35. Rxf7 Rxc3 36. Rxb7 Rc5 37. Kd2 Rxa5 38. Ke3 Ra3+ 39. Kf2 a5 40. Rb5 Kg7 41. Rxe5 Kf6 42. Rc5 a4 43. e5+ Ke6 44. Ke2 Ra1 45. Kd3 Rg1 46. Kd4 Rxg2 47. Rc6+ Kd7 48. Rd6+ Ke7 49. Kc5 Rg3 50. Ra6 Rxh3 51. Rxa4 Ke6 52. Re4 Rd3 53. Rh4 Rd5+ 54. Kc4 h5 55. Rh3 Rxe5 56. Rg3 Kf6 57. Kd4 Re8 58. Re3 Rxe3 59. Kxe3 Kf5 60. Kf3 g5 61. Kg3 g4 62. Kg2 Kf4 63. Kh2 Kf3 64. Kg1 g3 65. Kf1 g2+ 66. Ke1 g1Q+ 0-1

[Event "CAN-ch U10"]
[Site "Quebec"]
[Date "2008.07.14"]
[Round "1"]
[White "Saravanabava, Prathyakshan"]
[Black "Preotu, Razvan"]
[Result "0-1"]
[WhiteElo "1160"]
[BlackElo "1526"]
[PlyCount "54"]
[EventDate "2008.07.14"]
[EventType "swiss"]
[EventRounds "7"]
[EventCountry "CAN"]
[SourceTitle "EXT 2011"]
[Source "ChessBase"]
[SourceDate "2010.11.26"]
[SourceVersion "1"]
[SourceVersionDate "2010.11.26"]
[SourceQuality "1"]

1. e4 e5 2. Nf3 Nf6 3. Nxe5 d6 4. Nf3 Nxe4 5. Bc4 d5 6. Qe2 Be7 7. Bb3 0-0 8. 0-0 Bg4 9. d3 Nf6 10. Nc3 Re8 11. h3 Be6 12. Nd4 Bxh3 13. Nf3 Bg4 14. Re1 Bb4 15. Qd1 Rxe1+ 16. Qxe1 d4 17. Ne5 dxc3 18. Nxf7 Qe7 19. Qxe7 Bxe7 20. bxc3 Kf8 21. Bg5 Nc6 22. f3 Bh5 23. Bxf6 Bxf6 24. g4 Bxf7 25. Bxf7 Kxf7 26. Rb1 b6 27. a4 Bxc3 0-1